|
|
|
|
| LEADER |
03213nam a22005295i 4500 |
| 001 |
978-3-642-32388-1 |
| 003 |
DE-He213 |
| 005 |
20151121014057.0 |
| 007 |
cr nn 008mamaa |
| 008 |
121026s2013 gw | s |||| 0|eng d |
| 020 |
|
|
|a 9783642323881
|9 978-3-642-32388-1
|
| 024 |
7 |
|
|a 10.1007/978-3-642-32388-1
|2 doi
|
| 040 |
|
|
|d GrThAP
|
| 050 |
|
4 |
|a KZ7000-7500
|
| 072 |
|
7 |
|a LBBZ
|2 bicssc
|
| 072 |
|
7 |
|a LAW051000
|2 bisacsh
|
| 082 |
0 |
4 |
|a 345
|2 23
|
| 100 |
1 |
|
|a Hallevy, Gabriel.
|e author.
|
| 245 |
1 |
4 |
|a The Right to Be Punished
|h [electronic resource] :
|b Modern Doctrinal Sentencing /
|c by Gabriel Hallevy.
|
| 264 |
|
1 |
|a Berlin, Heidelberg :
|b Springer Berlin Heidelberg :
|b Imprint: Springer,
|c 2013.
|
| 300 |
|
|
|a XVI, 236 p.
|b online resource.
|
| 336 |
|
|
|a text
|b txt
|2 rdacontent
|
| 337 |
|
|
|a computer
|b c
|2 rdamedia
|
| 338 |
|
|
|a online resource
|b cr
|2 rdacarrier
|
| 347 |
|
|
|a text file
|b PDF
|2 rda
|
| 505 |
0 |
|
|a Punishment as Part of Modern Criminal Law Theory -- General Purposes of Punishment -- General Considerations of Punishment -- General Structure of Doctrinal Sentencing -- Physical Punishments -- Economic Punishments -- Conclusion.
|
| 520 |
|
|
|a Does an offender have the right to be punished? "The right to be punished" may sound like an oxymoron, but it is not necessarily so. With the emergence of modern criminal law, the offender gained the right to be punished by rational criminal law rather than being lynched by an angry mob. The present-day offender may have the right to be punished by doctrinal sentencing rather than being subjected to verdicts based on vague, unclear, and uncertain principles. In modern criminal law, the imposition of criminal liability follows accurate and strict rules, whereas there are no similar rules for the imposition of punishment. The process of sentencing is vague and obscure, as are the considerations used for the imposition of punishments. The objective of the present book is to propose a comprehensive, general, and legally sophisticated theory of modern doctrinal sentencing. The challenges of such a legal theory are plenty and complex. In addition to increasing clarity and certainty, modern doctrinal sentencing must deal with modern types of delinquency (e.g. organized crime, recidivism, corporate offenders, high-tech offenses, etc.) and modern principles of criminal law. Modern doctrinal sentencing must serve to ensure optimal sentencing.
|
| 650 |
|
0 |
|a Law.
|
| 650 |
|
0 |
|a Political science.
|
| 650 |
|
0 |
|a Law
|x Philosophy.
|
| 650 |
|
0 |
|a Constitutional law.
|
| 650 |
|
0 |
|a Human rights.
|
| 650 |
|
0 |
|a International criminal law.
|
| 650 |
|
0 |
|a Criminology.
|
| 650 |
1 |
4 |
|a Law.
|
| 650 |
2 |
4 |
|a International Criminal Law.
|
| 650 |
2 |
4 |
|a Theories of Law, Philosophy of Law, Legal History.
|
| 650 |
2 |
4 |
|a Criminology & Criminal Justice.
|
| 650 |
2 |
4 |
|a Human Rights.
|
| 650 |
2 |
4 |
|a Philosophy of Law.
|
| 650 |
2 |
4 |
|a Constitutional Law.
|
| 710 |
2 |
|
|a SpringerLink (Online service)
|
| 773 |
0 |
|
|t Springer eBooks
|
| 776 |
0 |
8 |
|i Printed edition:
|z 9783642323874
|
| 856 |
4 |
0 |
|u http://dx.doi.org/10.1007/978-3-642-32388-1
|z Full Text via HEAL-Link
|
| 912 |
|
|
|a ZDB-2-SHU
|
| 950 |
|
|
|a Humanities, Social Sciences and Law (Springer-11648)
|